Reštrukturalizácia podniku bakalárska práca

Uložené v:
Podrobná bibliografia
Hlavný autor: Semančíková, Dominika
Korporativný autor: Fakulta podnikového manažmentu EU. Katedra podnikových financií
Ďalší autori: Jánošová, Veronika, 1953-
Médium: Kniha
Jazyk:Slovak
Vydavateľské údaje: Bratislava 2021
Tagy: Pridať tag
Žiadne tagy, Buďte prvý, kto otaguje tento záznam!

MARC

LEADER 00000nbm a2200000 4500
001 0275766
005 20211112141748.8
041 0 |a slo 
044 |a SK 
245 1 0 |a Reštrukturalizácia podniku  |b bakalárska práca  |c Dominika Semančíková ; školiteľ: Veronika Jánošová 
264 1 |a Bratislava  |c 2021 
300 |a 46 s. 
100 1 |a Semančíková, Dominika 
700 1 |a Jánošová, Veronika, 1953- 
710 2 |a Fakulta podnikového manažmentu EU. Katedra podnikových financií